[Event "92nd ARG-ch Final 2017"]
[Site "Buenos Aires"]
[Date "2017.10.12"]
[Round "1"]
[White "Mareco, Sandro"]
[Black "Acosta, Pablo Ismael"]
[Result "1-0"]
[WhiteElo "2644"]
[BlackElo "2409"]
[Annotator "TA"]
[PlyCount "53"]
[EventDate "2017.10.12"]
[EventType "tourn"]
[EventCountry "ARG"]
[SourceTitle "playchess.com"]
[Source "ChessBase"]
[SourceQuality "1"]

{[%evp 12,53,40,45,42,49,50,52,58,62,59,69,79,40,98,75,78,67,116,110,150,160,170,137,177,188,239,251,267,248,259,256,363,348,352,318,313,306,355,360,356,356,438,394]} 1. Nf3 Nf6 2. c4 e6 3. g3 d5 4. Bg2 a6 5. O-O Be7 6. d4 {A13: English Opening: 1...e6} dxc4 7. Ne5 {LiveBook: 16 Games} Nd5 $146 ({Predecessor:} 7... O-O 8. Nxc4 Nc6 9. e3 Nd5 10. Nc3 b5 11. Nd2 Bb7 12. Nxd5 exd5 13. Nb3 a5 14. Bd2 {½-½ (48) Wang,Y (2736)-Timofeev,A (2681) Sochi 2009}) 8. Nxc4 {White is slightly better.} b5 9. Ne5 Bb7 10. e4 Nf6 11. Qc2 O-O 12. Be3 a5 (12... c5 $14) 13. Nc3 c6 14. a4 Na6 15. Rfd1 Rc8 16. axb5 cxb5 17. Qd3 $36 {[%mdl 2048] White has strong initiative.} b4 18. Na4 $1 Nb8 {[#]} (18... b3 {is a better defense.} 19. Qxb3 Nb4) 19. d5 $1 $18 Ba6 20. Qd4 exd5 21. exd5 Bd6 {[#]} (21... Re8 $142 22. Nc6 Nxc6 23. dxc6 Be2) 22. Nc6 $1 {[%cal Rc6d8]} Qc7 23. Rdc1 Rce8 24. Nxb4 Qe7 25. Nc6 Nxc6 26. dxc6 Bb5 27. Nb6 {Precision: White = 80%, Black = 44%.} 1-0

[Event "92nd ARG-ch Final 2017"]
[Site "Buenos Aires"]
[Date "2017.10.12"]
[Round "1"]
[White "Perez Ponsa, Federico"]
[Black "Slipak, Sergio"]
[Result "1/2-1/2"]
[WhiteElo "2594"]
[BlackElo "2437"]
[Annotator "TA"]
[PlyCount "168"]
[EventDate "2017.10.12"]
[EventType "tourn"]
[EventCountry "ARG"]
[SourceTitle "playchess.com"]
[Source "ChessBase"]
[SourceQuality "1"]

{[%evp 20,168,29,31,36,38,34,31,29,27,37,5,3,0,47,16,137,141,139,114,130,130,122,92,91,91,91,91,91,93,93,83,84,95,98,74,65,62,61,64,61,65,61,66,77,76,71,60,77,76,70,17,86,101,89,76,187,184,222,211,232,220,228,228,227,211,197,200,164,106,87,96,107,91,95,95,72,51,68,68,59,38,64,35,90,80,79,82,114,109,1035,976,1035,1035,764,8,8,8,8,8,8,8,8,0,15,0,15,0,0,0,0,0,0,0,0,0,0,0,0,0,0,0,0,0,0,0,0,0,0,0,0,0,0,0,0,0,0,0,0,0,0,0,0,0,0,0,0,0,0,0,0]} 1. e4 d5 2. exd5 Qxd5 3. Nc3 Qd6 4. d4 {[%cal Bd2d4,Bd4d5][%mdl 32]} a6 5. Nf3 Nf6 6. g3 Bg4 7. Bg2 {B01: Skandinavische Verteidigung} Nc6 (7... c6 8. O-O e6 9. h3 Bxf3 10. Bxf3 Be7 11. b3 O-O 12. Bb2 Nbd7 13. Ne2 Rad8 14. Re1 Rfe8 {0-1 (64) Hou,Y (2663)-Megaranto,S (2535) Almaty 2016}) 8. O-O O-O-O 9. d5 Ne5 10. Bf4 Nxf3+ 11. Bxf3 {LiveBook: 36 Partien} Bxf3 12. Qxf3 e5 13. dxe6 Qxe6 14. Bg5 Bd6 15. Rfe1 (15. Rae1 $5 {[%cal Re1e6]} Be5 16. Bf4 $14) 15... Be5 16. Re2 {[#]} Rde8 $146 (16... h6 $5 {[%cal Rh6g5]} 17. Bf4 Nd7 $11) ({Vorgänger:} 16... h6 17. Bf4 Nd7 18. Rd1 f6 19. Red2 Bxf4 20. Qxf4 Nb6 21. Kg2 Rxd2 {½-½ (21) Hedlund,T (2534)-Spitz,P (2533) ICCF email 2007}) 17. Rae1 $36 {[%mdl 2048] Weiss drückt.} Qd6 (17... Nd7 $1 $11) 18. Bxf6 $16 gxf6 19. Nd5 {[%cal Bc3d5,Bd5e3,Be3g4][%mdl 32]} Rd8 20. Ne3 Qc5 21. Qf5+ Kb8 22. Ng4 Bd4 23. Qxc5 Bxc5 24. c3 Rd6 25. Nh6 Rd7 26. Kf1 Rhd8 27. Re8 Kc8 28. R1e2 Rd1+ 29. Kg2 $1 Rxe8 30. Rxe8+ $14 {[%mdl 4096] Endspiel KTL-KTS} Kd7 31. Re2 Bf8 32. Ng4 Rd6 33. Kf3 b5 34. Ne3 a5 35. Re1 (35. Kg4 $14) 35... Rc6 (35... Rd2 $11 {hält das Gleichgewicht.}) 36. Rd1+ $16 Bd6 37. Rd5 Rb6 (37... Rc5 $16) 38. Ke4 $18 Ke6 39. Nf5 b4 40. c4 (40. Rxa5 $6 bxc3 41. Nd4+ (41. bxc3 Rb2 $16) 41... Kd7) 40... Be5 41. b3 ({Jedoch nicht} 41. Rxa5 $6 Bxb2 42. c5 Rc6 $16) 41... Ra6 42. Nd4+ Bxd4 43. Kxd4 {KT-KT} ({Nicht} 43. Rxd4 a4 $11) 43... a4 44. Rb5 ({Besser ist} 44. Kc5 $18) 44... axb3 $16 45. axb3 Ra2 46. Ke3 ({Viel schwächer wäre} 46. Rxb4 $6 Rxf2 47. Ra4 h5 $11) 46... c5 47. Rxc5 Rb2 48. Rb5 Rxb3+ 49. Ke4 f5+ $1 50. Kf4 Rb2 51. f3 Rxh2 (51... Rb3 $14) 52. Rb6+ Ke7 53. Rxb4 h5 54. Kxf5 h4 $2 {[%mdl 8192]} (54... Rh3 $16) 55. Rb7+ Ke8 56. gxh4 Rxh4 57. f4 $2 (57. c5 $18 {Mit der Idee Ke5.} Rh5+ 58. Kf6) 57... Rh5+ $1 $11 {Die Stellung ist ausgeglichen.} 58. Kf6 Rh6+ 59. Ke5 Re6+ $1 60. Kd5 {Schwarz sollte f5 verhindern.} Rf6 61. Ke5 Re6+ $1 62. Kd5 {und nun wäre f5 stark für Weiss.} Rf6 63. c5 {Droht stark Ke5.} Rxf4 64. Kd6 {[%cal Rb7b8] [#]} (64. Ra7 {with more complications.} Rf6 65. Kd4 Rf1 66. c6 Rd1+ 67. Ke3) 64... Rd4+ 65. Kc7 Ke7 66. c6 {Und weiter mit Kb8+ wäre nett.} Ke6 67. Rb5 Rc4 68. Kb7 f5 69. c7 Kd7 $1 70. Rd5+ Ke6 71. Rb5 Kd7 $1 72. Rd5+ Ke6 73. Rd8 f4 74. c8=Q+ (74. Kb6 {looks sharper.} Rxc7 75. Kxc7 Ke5 76. Rf8 Ke4 77. Kd6) 74... Rxc8 75. Rxc8 {[#] Schwarz muss nun Tc5 beachten. KT-KB} Kd5 76. Kb6 f3 77. Kb5 Kd4 78. Kb4 f2 79. Rf8 Ke3 80. Kc3 Ke2 81. Re8+ Kf3 82. Kd2 {jetzt Tf8+ und aus.} f1=Q {( -> ...Dg2+)} 83. Rf8+ Kg2 84. Rxf1 Kxf1 {Precision: Weiß = 69%, Schwarz = 57%.} 1/2-1/2

[Event "92nd ARG-ch Final 2017"]
[Site "Buenos Aires"]
[Date "2017.10.12"]
[Round "1"]
[White "Flores, Diego"]
[Black "Real De Azua, Ernesto"]
[Result "1/2-1/2"]
[WhiteElo "2574"]
[BlackElo "2484"]
[Annotator "TA"]
[PlyCount "37"]
[EventDate "2017.10.12"]
[EventType "tourn"]
[EventCountry "ARG"]
[SourceTitle "playchess.com"]
[Source "ChessBase"]
[SourceQuality "1"]

{[%evp 18,37,41,40,50,30,10,12,4,-37,-48,-37,-39,-58,-58,-68,-64,-66,-54,-67,-70,-116]} 1. e4 c6 2. d4 d5 3. exd5 cxd5 4. Bf4 Nc6 5. c3 Nf6 6. Nf3 Bg4 7. Qb3 Na5 8. Qa4+ Bd7 9. Qc2 e6 10. Bd3 {LiveBook: 3 Partien} Qb6 {B13: Caro-Kann (Abtausch-Variante 4.c4)} 11. b4 $146 ({Vorgänger:} 11. O-O Bb5 12. Bxb5+ Qxb5 13. Nbd2 Be7 14. Rae1 Rc8 15. Ne5 Nc6 16. Qb1 Nxe5 17. Bxe5 O-O 18. Re3 {1-0 (114) Bacrot,E (2715)-Fier,A (2579) Tbilisi 2017}) 11... Nc4 12. Bxc4 dxc4 {Die Stellung ist ausgeglichen.} 13. Nbd2 Nd5 {Schwarz steht etwas besser.} 14. Bg3 a5 15. b5 Bxb5 16. a4 Ba6 17. O-O Be7 18. Ne5 Qd8 19. Nexc4 1/2-1/2

[Event "92nd ARG-ch Final 2017"]
[Site "Buenos Aires"]
[Date "2017.10.12"]
[Round "1"]
[White "Pichot, Alan"]
[Black "Krysa, Leandro"]
[Result "1/2-1/2"]
[WhiteElo "2571"]
[BlackElo "2545"]
[Annotator "TA"]
[PlyCount "85"]
[EventDate "2017.10.12"]
[EventType "tourn"]
[EventCountry "ARG"]
[SourceTitle "playchess.com"]
[Source "ChessBase"]
[SourceQuality "1"]

{[%evp 9,85,28,38,-8,0,0,0,0,0,0,11,14,33,26,44,27,47,30,36,14,28,25,27,29,22,42,42,57,46,44,58,54,54,34,27,20,31,19,16,10,14,12,14,9,18,9,12,6,11,2,2,1,6,0,12,0,0,0,3,6,5,0,11,0,12,0,0,0,0,0,0,0,0,0,0,0,0,0]} 1. e4 e5 {[%cal Be7e5,Be5e4][%mdl 32]} 2. Nf3 Nc6 3. Bb5 Nf6 4. O-O Nxe4 5. d4 Nd6 6. Ba4 {[%mdl 1024] White has compensation. C67: Ruy Lopez: Berlin Defence: 4 0-0 Nxe4} (6. Bxc6 $5 bxc6 7. dxe5 $16) (6. Bxc6 dxc6 7. dxe5 Nf5 8. Qxd8+ Kxd8 9. h3 Be7 10. Nc3 Nh4 11. Nxh4 Bxh4 12. Be3 Bd7 13. Rad1 Kc8 14. g4 Re8 15. f4 h5 16. Rd4 c5 17. Re4 {½-½ (42) Navara,D (2737)-Grischuk,A (2783) Tbilisi 2017}) 6... e4 7. Ne5 Be7 8. Nc3 O-O 9. Re1 Nf5 10. Rxe4 Nxe5 11. dxe5 c6 12. Bf4 d5 13. exd6 $1 Bxd6 14. Bb3 $146 ({Predecessor:} 14. Bxd6 Qxd6 {½-½ (27) Jasny,S (2368)-Sosna,J (2347) Czech Republic 2017}) 14... Qc7 15. Qd2 (15. Qg4 {is more complex.} Bxf4 16. Qxf4 Qxf4 17. Rxf4 g5 18. Re4) 15... Bxf4 16. Qxf4 Qxf4 17. Rxf4 Be6 18. Bxe6 fxe6 19. Re4 Kf7 20. Rae1 Rfe8 21. Rb4 b6 22. Rf4 {And now g4 would win.} Kg8 23. Rfe4 Rad8 {The position is equal.} 24. Kf1 (24. f3 {looks sharper.} Nd4 25. Rc1 c5 26. Kf2 Kf7 27. Ree1) 24... Nd4 25. Rc1 c5 26. Re3 Rd7 27. Ne4 Nf5 28. Re2 h6 29. c3 Red8 30. Rce1 Kf7 31. g3 Ne7 32. f4 Rd1 33. Nf2 Rxe1+ 34. Kxe1 $11 {[%mdl 4096] Endgame KRN-KRN} Nc6 35. Ng4 Rd6 36. Ne3 Kf6 37. Nc4 Rd5 38. a4 h5 39. Rf2 e5 40. Ne3 Rd7 41. f5 e4 42. Rf4 Ne7 43. Rxe4 {Precision: White = 51%, Black = 68%.} 1/2-1/2

[Event "92nd ARG-ch Final 2017"]
[Site "Buenos Aires"]
[Date "2017.10.12"]
[Round "1"]
[White "Sosa, Tomas"]
[Black "Dolezal, Cristian"]
[Result "1-0"]
[WhiteElo "2466"]
[BlackElo "2426"]
[Annotator "TA"]
[PlyCount "175"]
[EventDate "2017.10.12"]
[EventType "tourn"]
[EventCountry "ARG"]
[SourceTitle "playchess.com"]
[Source "ChessBase"]
[SourceQuality "1"]

{[%evp 27,175,27,21,20,49,46,60,54,53,47,47,64,49,2,53,51,68,43,44,41,43,26,76,37,39,41,50,37,47,9,56,19,61,27,25,0,38,18,57,61,49,38,41,27,52,40,42,54,52,33,39,0,0,0,10,10,10,16,6,0,18,0,0,0,0,0,0,-56,0,0,0,0,58,66,66,72,53,53,58,59,59,63,54,62,105,104,106,0,0,0,109,93,91,113,98,86,88,47,62,47,47,47,47,42,50,39,47,46,58,58,64,92,122,122,122,122,139,126,126,140,245,235,243,214,331,319,320,320,400,293,294,0,402,410,388,368,416,385,402,404,337,231,545,547,547,512,623,588,541,497]} 1. e4 e6 2. d4 d5 3. Nd2 Nf6 4. e5 Nfd7 5. c3 c5 6. Bd3 Nc6 7. Ne2 cxd4 8. cxd4 f6 9. exf6 Nxf6 10. O-O Bd6 11. Nf3 O-O 12. Bf4 Nh5 13. Bxd6 {C06: French Tarrasch: 3...Nf6 4 e5 Nfd7 5 Bd3 main lines} Qxd6 14. Nc3 Nf4 {LiveBook: 4 Games} 15. Bb5 {The position is equal.} Ne7 $146 ({Predecessor:} 15... Bd7 16. Bxc6 bxc6 17. Ne5 c5 18. Nxd7 Qxd7 19. dxc5 Qc6 20. Ne2 {½-½ (20) Svane,R (2506)-Galyas,M (2421) Oslo 2014}) 16. Re1 a6 17. Bf1 Bd7 18. Ne5 Be8 19. g3 Nfg6 20. Bh3 Nf5 (20... Nxe5 $11 21. Rxe5 Bf7) 21. Qd2 $14 Qb6 22. Bxf5 (22. Rad1 {is interesting.} Rc8 23. b3 Rc7 24. Nxg6 Bxg6 25. Na4) 22... Rxf5 23. Nxg6 Bxg6 24. f4 Rf6 25. Rac1 Bf5 26. Na4 Qb5 27. b3 b6 28. Rc7 {aiming for Rb7.} Rb8 29. Rec1 h5 30. Nc3 Qe8 31. h4 Qg6 32. Kf2 Qg4 33. Qe2 Qh3 34. Qf1 Qg4 35. Qd1 Qh3 {And now ...Qh2+ would win.} 36. Qh1 ({But not} 36. Qxh5 $2 Bg4 $19) 36... Qg4 37. Qf3 Qg6 38. Qe2 Rbf8 39. Qe5 ({Wrong is} 39. Qxa6 $2 Bd3 $19) 39... Qg4 $36 {[%mdl 2048] Black is pushing.} 40. Qe2 {next Qxg4 is good for White.} Qh3 {Hoping for ...Qh2+.} 41. Qf1 {White wants to play Qxh3.} Qg4 $1 42. Qd1 {Threatening Qxg4.} Qg6 43. Qf3 b5 44. Ke1 b4 45. Na4 Be4 46. Qe3 Qf5 {...Rg6 is the strong threat.} 47. Rc8 (47. Nc5 $11) 47... Qh3 (47... Rg6 $1 $15 48. Nb6 Qh3) 48. Rxf8+ $11 Kxf8 49. Ke2 $1 Qg2+ (49... Rg6 $11 50. Rg1 Bg2) 50. Qf2 $1 $14 {[%cal Rf2g2] [#] Threatens to win with Qxg2.} Bd3+ $1 {[%mdl 512]} 51. Ke3 (51. Kxd3 Qxf2) 51... Qe4+ 52. Kd2 Bb5 53. Nc5 Qf5 54. Re1 Rg6 55. Kc1 Kf7 56. Kb2 Qg4 57. Re3 (57. Rg1 $16) 57... Qd1 $11 58. Re1 ({White should try} 58. Re5 $11) 58... Qg4 $16 59. Rg1 Qh3 60. a3 bxa3+ 61. Kxa3 Kg8 62. Qf3 (62. Nb7 {with more complications.} Qf5 63. Kb4 Kh7 64. Qd2 Bd7 65. Nc5) 62... Qh2 63. Qg2 Qxg2 64. Rxg2 $14 {[%mdl 4096] Endgame KRB-KRN} Kf7 65. Kb4 Kf6 66. Kc3 Kf5 67. Kd2 $1 Kg4 68. Ke3 Rf6 69. Rg1 Rf8 70. Kf2 e5 71. dxe5 Rc8 72. Rc1 $1 d4 73. b4 d3 (73... g6 $16 {is a better defense.} 74. e6 Kf5) 74. Nxd3 $1 $18 Rd8 75. Nc5 Rd2+ {[#]} (75... Rd4 $142 76. Ke3 Rxb4) 76. Ke3 $1 {[%cal Re3d2]} Re2+ 77. Kd4 Rd2+ 78. Kc3 Re2 79. Kd4 Rd2+ $1 {[#]} 80. Ke4 $1 Re2+ 81. Kd5 Kxg3 82. Rg1+ Kxf4 83. Ne6+ Ke3 84. Nxg7 Rh2 $2 (84... Rd2+ 85. Kc5 Rc2+ 86. Kd6 Rd2+ 87. Ke7 Rh2 88. Nf5+ Ke4) 85. Nf5+ {White is clearly winning.} Kf4 86. Nd4 Ba4 87. Ra1 Be8 88. Rxa6 {Precision: White = 63%, Black = 65%.} 1-0

[Event "92nd ARG-ch Final 2017"]
[Site "Buenos Aires"]
[Date "2017.10.12"]
[Round "1"]
[White "Villanueva, Mario"]
[Black "Valerga, Diego"]
[Result "1/2-1/2"]
[WhiteElo "2451"]
[BlackElo "2452"]
[Annotator "TA"]
[PlyCount "34"]
[EventDate "2017.10.12"]
[EventType "tourn"]
[EventCountry "ARG"]
[SourceTitle "playchess.com"]
[Source "ChessBase"]
[SourceQuality "1"]

{[%evp 19,34,21,16,22,15,16,22,-2,20,17,21,21,24,0,14,0,34]} 1. e4 e6 2. d4 d5 3. Nd2 a6 4. Ngf3 c5 5. exd5 exd5 6. Be2 Nc6 7. O-O cxd4 8. Re1 Be7 9. Nb3 Nf6 10. Nfxd4 O-O 11. Bd3 {C08: French Tarrasch: 3...c5 4 exd5 exd5 sidelines} Bg4 $146 ({Predecessor:} 11... Re8 12. c3 Bg4 13. Qc2 h6 14. h3 Bd7 15. Bf4 Qb6 {½-½ (70) Ibarra Jerez,J (2569)-Del Rio de Angelis,S (2511) Linares 2017}) 12. f3 Bd7 13. Be3 {[%cal Bc1e3,Be3f2,Bf2g3][%mdl 32]} Re8 14. Bf2 Qc7 15. Bg3 Qb6 16. Bf2 Qc7 17. Bg3 Qb6 1/2-1/2

[Event "92nd ARG-ch Final 2017"]
[Site "Buenos Aires"]
[Date "2017.10.12"]
[Round "1"]
[White "Pierrot, Facundo"]
[Black "Cuberli, Emiliano"]
[Result "0-1"]
[WhiteElo "2405"]
[BlackElo "2248"]
[Annotator "ChessBase"]
[PlyCount "74"]
[EventDate "2017.10.12"]
[EventType "tourn"]
[EventCountry "ARG"]
[SourceTitle "playchess.com"]
[Source "ChessBase"]
[SourceQuality "1"]
[TimeControl "40/5400+30:1800+30"]

1. e4 c5 2. Nf3 d6 3. d4 cxd4 4. Nxd4 Nf6 5. Nc3 a6 6. Be2 e5 7. Nf3 Be7 8. Bg5 O-O 9. a4 Be6 10. Bxf6 Bxf6 11. O-O Nc6 12. Nd5 Bxd5 13. Qxd5 Qc7 14. Rfd1 Rfd8 15. c3 Ne7 16. Qb3 Rac8 17. a5 d5 18. exd5 e4 19. Ne1 Be5 20. g3 Kh8 21. Ra4 f5 22. Rc4 Qd7 23. Rb4 Rb8 24. Nc2 Rf8 25. Nd4 Qxd5 26. Bc4 Qxa5 27. Ra4 Qc5 28. Ne6 Qa7 29. Nxf8 Rxf8 30. Rd7 e3 31. Rxe7 exf2+ 32. Kf1 Qe3 33. Be2 f4 34. Rxf4 Qc1+ 35. Qd1 Bxf4 36. gxf4 Qxf4 37. Qd4 Qg5 0-1

[Event "92nd ARG-ch Final 2017"]
[Site "Buenos Aires"]
[Date "2017.10.13"]
[Round "2"]
[White "Pichot, Alan"]
[Black "Flores, Diego"]
[Result "1/2-1/2"]
[WhiteElo "2571"]
[BlackElo "2574"]
[Annotator "TA"]
[PlyCount "48"]
[EventDate "2017.10.12"]
[EventType "tourn"]
[EventCountry "ARG"]
[SourceTitle "playchess.com"]
[Source "ChessBase"]
[SourceQuality "1"]

{[%evp 39,43,30,55,15,19,0]} 1. e4 c5 2. Nf3 Nc6 3. d4 cxd4 4. Nxd4 g6 5. c4 Nf6 6. Nc3 d6 7. Be2 Nxd4 8. Qxd4 Bg7 9. Be3 O-O 10. Qd2 Be6 11. f3 Qa5 12. Rc1 Rfc8 13. b3 a6 14. Na4 Qxd2+ 15. Kxd2 Nd7 16. g4 f5 17. exf5 {B36: Sicilian: Maroczy Bind: Gurgenidze System} gxf5 18. h3 Rf8 19. f4 (19. Rhe1 Rad8 20. Nc3 d5 21. cxd5 Nf6 22. Bb6 Rd7 23. Bd3 Bxd5 24. Bxf5 e6 {½-½ (56) Savchenko,B (2585)-Timofeev,A (2549) Sochi 2017}) 19... Rad8 20. Nc3 d5 {LiveBook: 30 Games} 21. Nxd5 Nf6 22. Ke1 {Predecessor:} Nxd5 $146 23. cxd5 Bxd5 24. Bc4 e6 {½-½ (46) Janska,J (2041)-Kanakova,N (2007) Kouty nad Desnou 2015} 1/2-1/2

[Event "92nd ARG-ch Final 2017"]
[Site "Buenos Aires"]
[Date "2017.10.13"]
[Round "2"]
[White "Krysa, Leandro"]
[Black "Valerga, Diego"]
[Result "1/2-1/2"]
[WhiteElo "2545"]
[BlackElo "2452"]
[Annotator "TA"]
[PlyCount "87"]
[EventDate "2017.10.12"]
[EventType "tourn"]
[EventCountry "ARG"]
[SourceTitle "playchess.com"]
[Source "ChessBase"]
[SourceQuality "1"]

{[%evp 15,87,0,12,0,7,0,0,-1,0,0,0,0,0,0,7,0,0,-59,-19,-10,-20,-72,-9,-14,0,-11,-9,-23,0,-31,0,0,0,-32,-29,-30,-29,-20,-29,-45,-35,-37,-45,-72,-49,-29,-29,-29,-21,-21,-22,-19,-10,-10,0,0,0,-13,-4,-9,0,-8,0,0,0,0,0,0,0,0,0,0,0,0]} 1. d4 d5 2. c4 e6 3. Nc3 Be7 4. cxd5 exd5 5. Bf4 c6 6. e3 Bf5 7. g4 Be6 8. h4 Nd7 9. Bg3 {D31: Queen's Gambit Declined: Semi-Slav without ...Nf6 (+ Marshall Gambit and Noteboom) and Exchange Variation lines without ...Nf6} (9. g5 h6 10. g6 f5 11. h5 Ngf6 12. f3 Nb6 13. Qc2 O-O 14. Bd3 Qd7 15. Qh2 Nc4 16. b3 Nd6 {0-1 (58) Van Kampen,R (2643)-Bruzon Batista,L (2643) Linares 2017}) 9... Nb6 10. Bd3 Bd6 11. Qf3 h5 $146 ({Predecessor:} 11... Bxg3 12. Qxg3 Qb8 13. Qxb8+ Rxb8 14. f3 Ne7 15. Nge2 h5 16. gxh5 Rxh5 {½-½ (25) Santos,M (2341)-Molina,R (2419) Cuiaba 2011}) 12. g5 Ne7 13. Nge2 Bg4 14. Qg2 Bf5 15. Bxf5 Nxf5 16. g6 (16. e4 $11 Bxg3 17. Nxg3 Nxg3 18. Qxg3) 16... fxg6 {Threatens to win with ...Bxg3.} 17. Bxd6 Qxd6 18. O-O-O (18. Nf4 $11) 18... O-O-O ({Better is} 18... O-O $17 {With the idea ...Nc4.} 19. Nf4 Rf6) 19. Nf4 $11 Ne7 20. Nd3 Rhf8 21. Ne2 Nc4 22. b3 Qa3+ 23. Kb1 Nd6 24. Nc3 Rf6 25. Rc1 Kb8 26. Rc2 Ka8 27. Ne5 Nf7 28. Nxf7 Rxf7 29. Ne2 {[%cal Bc3e2,Be2c1,Bc1d3,Bd3e5][%mdl 32]} Qd6 (29... Rf6 {seems wilder.} 30. Nc1 Nf5 31. Nd3 Re8 32. Ne5 Qd6) 30. Nc1 Qf6 31. Nd3 Qf5 32. Ne5 {The position is equal.} Rf6 33. Kb2 Qe4 34. Rh2 Nf5 (34... b6 {with more complications.} 35. b4 Qf5 36. Qh3 Kb7 37. a4 Rc8) 35. Qxe4 dxe4 36. Rc1 Ne7 37. b4 a6 38. Kb3 Rf5 39. Rg1 Rd6 40. Rhg2 Rdf6 41. Nd7 $1 Rf7 42. Ne5 $1 {[%cal Re5f7]} R7f6 43. Nd7 $1 Rf7 44. Ne5 $1 {Precision: White = 61%, Black = 52%.} 1/2-1/2

[Event "92nd ARG-ch Final 2017"]
[Site "Buenos Aires"]
[Date "2017.10.13"]
[Round "2"]
[White "Real De Azua, Ernesto"]
[Black "Sosa, Tomas"]
[Result "1/2-1/2"]
[WhiteElo "2484"]
[BlackElo "2466"]
[Annotator "TA"]
[PlyCount "42"]
[EventDate "2017.10.12"]
[EventType "tourn"]
[EventCountry "ARG"]
[SourceTitle "playchess.com"]
[Source "ChessBase"]
[SourceQuality "1"]

{[%evp 24,25,42,33]} 1. d4 d5 2. c4 e6 3. Nf3 Nf6 4. g3 c5 5. cxd5 exd5 6. Bg2 Nc6 7. O-O Be7 8. Nc3 O-O 9. Bg5 c4 10. Ne5 Be6 11. Nxc6 bxc6 12. b3 Qa5 13. Qc2 {LiveBook: 89 Games} {Predecessor:} Rfd8 $146 14. e3 Rac8 15. bxc4 c5 16. Ne2 dxc4 17. d5 Bxd5 18. Rad1 Bxg2 19. Kxg2 Qa6 20. Nc3 Rd3 21. Bxf6 Bxf6 {½-½ (32) Sargissian,G (2690)-Popilski,G (2493) Douglas 2014} 1/2-1/2

[Event "92nd ARG-ch Final 2017"]
[Site "Buenos Aires"]
[Date "2017.10.13"]
[Round "2"]
[White "Slipak, Sergio"]
[Black "Pierrot, Facundo"]
[Result "1-0"]
[WhiteElo "2437"]
[BlackElo "2405"]
[Annotator "TA"]
[PlyCount "51"]
[EventDate "2017.10.12"]
[EventType "tourn"]
[EventCountry "ARG"]
[SourceTitle "playchess.com"]
[Source "ChessBase"]
[SourceQuality "1"]

{[%evp 18,51,18,0,39,31,29,25,37,24,52,27,85,75,68,79,137,136,143,128,131,62,308,288,379,389,390,309,454,463,473,468,572,576,576,575]} 1. d4 Nf6 2. Nf3 g6 3. Bg5 Bg7 4. e3 O-O 5. Be2 c5 6. O-O d5 7. c3 b6 8. Nbd2 Nbd7 9. a4 a6 {D03: 1 d4 d5 2 Nf3 Nf6 3 Bg5, including Torre Attack with early ...d5} 10. b4 {LiveBook: 14 Games} a5 $146 ({Predecessor:} 10... Bb7 11. a5 cxb4 12. cxb4 b5 13. Rc1 Ne8 14. Nb3 Nd6 15. Ne1 Nc4 16. Nd3 Ra7 17. Bh4 {0-1 (54) Kramnik,V (2783)-Caruana,F (2802) Shamkir 2015}) 11. bxc5 bxc5 {White is slightly better.} 12. Bb5 Ba6 13. Rb1 h6 14. Bh4 g5 (14... Qc7 $11) 15. Bg3 $16 Nh5 16. Be5 f6 {[#]} ({Black should play} 16... Nhf6) 17. Bg3 $1 Nxg3 18. hxg3 Qc7 19. e4 (19. c4 $16) 19... Bb7 $2 (19... dxe4 $1 $14 20. Nxe4 f5 21. Nxc5 Nxc5 22. dxc5 Qxc5) 20. Qb3 $18 Rab8 21. exd5 {[#] Threatens to win with d6+.} Kh8 22. c4 Rfc8 (22... cxd4 $142 23. Nxd4 Nc5) 23. Rfe1 {White is clearly winning.} Nf8 24. Qa3 Ng6 25. dxc5 Qxc5 26. Qxc5 {Precision: White = 67%, Black = 20%.} 1-0

[Event "92nd ARG-ch Final 2017"]
[Site "Buenos Aires"]
[Date "2017.10.13"]
[Round "2"]
[White "Dolezal, Cristian"]
[Black "Perez Ponsa, Federico"]
[Result "1/2-1/2"]
[WhiteElo "2426"]
[BlackElo "2594"]
[Annotator "TA"]
[PlyCount "111"]
[EventDate "2017.10.12"]
[EventType "tourn"]
[EventCountry "ARG"]
[SourceTitle "playchess.com"]
[Source "ChessBase"]
[SourceQuality "1"]

{[%evp 25,111,13,7,0,7,4,7,7,8,14,6,6,18,1,8,0,0,0,0,-16,-8,-8,-10,-14,-10,-13,-5,0,0,-12,0,0,0,0,0,0,0,0,0,0,-2,-46,-8,-8,-8,-16,-8,-38,-7,-16,-8,-8,-3,-56,-56,-60,-56,-85,-89,-89,-89,-89,-89,-91,-75,-100,-83,-83,-89,-83,-8,-75,-80,-230,-222,-210,-108,-94,-91,-104,0,-8,4,4,4,4,4,4]} 1. e4 c5 2. Nf3 e6 {[%cal Be7e6,Be6e5][%mdl 32]} 3. d4 cxd4 4. Nxd4 Nf6 5. f3 e5 6. Nb3 d5 7. Bg5 Be6 8. Bxf6 gxf6 9. exd5 Qxd5 10. Qxd5 Bxd5 11. Nc3 Be6 12. O-O-O {B55: Sizilianisch (Rauser Anti-Drachen-Variante)} Nc6 13. Ne4 (13. Bb5 Rc8 14. Nd5 f5 15. Na5 Bh6+ 16. Kb1 Kf8 17. Nb3 Kg7 18. Rhe1 Rhd8 19. Nc3 Rxd1+ 20. Nxd1 {0-1 (56) Harikrishna,P (2758)-Giri,A (2769) Shenzhen 2017}) 13... Ke7 {LiveBook: 3 Partien} 14. Nec5 Bh6+ 15. Kb1 b6 16. Nxe6 fxe6 17. Bb5 Rac8 18. c3 $146 ({Vorgänger:} 18. Rd3 Rhd8 19. Rxd8 Kxd8 {½-½ (42) Gara,T (2377)-Zakurdjaeva,I (2248) Germany 2013}) 18... Rhd8 19. Rxd8 Nxd8 20. Rd1 {zielt auf Td7+ ab.} Rc7 21. Re1 Nf7 22. Re4 Bf4 {Und ...Sd6 würde nun gewinnen.} 23. g3 f5 24. Re1 Bh6 25. a4 Kf6 26. Rd1 Bf8 27. Be2 a5 28. Nd2 Nd6 29. Kc2 h5 {[%cal Bh7h5,Bh5h4][%mdl 32]} 30. Kb3 h4 31. Nc4 Nf7 32. Kc2 Bc5 33. Rb1 Rc8 34. b4 axb4 35. cxb4 Bd4 36. Kb3 Nd6 37. Bf1 Nxc4 38. Bxc4 $11 {[%mdl 4096] Endspiel KTL-KTL} Rg8 39. g4 (39. gxh4 $11 Rh8 40. a5) 39... fxg4 $15 40. fxg4 Rxg4 41. Re1 e4 42. a5 bxa5 $1 43. bxa5 Ke5 44. a6 Rf4 45. Rf1 Rf5 46. Be2 Rg5 47. Re1 Kf4 ({Günstiger ist} 47... Rg8 $17) 48. Kc4 (48. Rf1+ $11 {hält das Gleichgewicht.} Ke5 49. Re1) 48... Ba7 49. Kb4 (49. Kb3 $17 {ist eine bessere Verteidigung.}) 49... Rg2 $19 50. Rf1+ Ke3 (50... Ke5 $19 51. Bc4 Rb2+ 52. Ka3 Rxh2) 51. Bc4 $17 Rf2 {Droht stark ...Txf1.} 52. Rd1 {[#]} Bd4 ({Doch nicht} 52... Rxh2 53. Rd7 $15) (52... Rd2 $1 $17 {[%cal Rd2d1]} 53. Rh1 e5) 53. Bxe6 $11 {Die Stellung ist ausgeglichen.} Rf6 ({Falsch wäre} 53... Rxh2 $2 {[#]} 54. Rxd4 $1 {[%mdl 512]} Rh1 55. a7 $18) 54. Re1+ Kf4 55. Rf1+ Ke5 56. Rxf6 {Precision: Weiß = 51%, Schwarz = 55%.} 1/2-1/2